[Event "56. Abierto Mexicano Monterey 2010"]
[Site "Monterrey MEX"]
[Date "2010.03.30"]
[Round "1.1"]
[White "Onischuk, Alexander"]
[Black "Solis Luna, Jose Armando"]
[Result "1-0"]
[WhiteElo "2687"]
[BlackElo "1983"]
[PlyCount "40"]
[EventDate "2010.03.30"]
[EventType "swiss"]
[EventRounds "9"]
[EventCountry "MEX"]
[Source "lmi"]
[SourceDate "2010.03.30"]

1. d4 Nf6 2. c4 g6 3. Nc3 d5 4. Nf3 Bg7 5. Qb3 dxc4 6. Qxc4 O-O 7. e4 Bg4 8.
Be3 Nfd7 9. Rd1 Nb6 10. Qb3 Nc6 11. d5 Ne5 12. Be2 Bxf3 13. gxf3 Qd7 14. h3 f5
15. f4 Nf7 16. e5 Nh6 17. Qb5 Qd8 18. f3 Nf7 19. h4 h5 20. Rg1 Kh7 1-0

[Event "56. Abierto Mexicano Monterey 2010"]
[Site "Monterrey MEX"]
[Date "2010.03.30"]
[Round "1.2"]
[White "Juarez Velazquez, Hector"]
[Black "Cordova, Emilio"]
[Result "0-1"]
[WhiteElo "1982"]
[BlackElo "2564"]
[PlyCount "64"]
[EventDate "2010.03.30"]
[EventType "swiss"]
[EventRounds "9"]
[EventCountry "MEX"]
[Source "lmi"]
[SourceDate "2010.03.30"]

1. e4 c5 2. Bc4 e6 3. Qe2 a6 4. c3 Be7 5. Nf3 d5 6. exd5 exd5 7. Bb3 Nf6 8. h3
O-O 9. O-O Nc6 10. d4 Re8 11. Bc2 Bd7 12. Bg5 Qb6 13. Ne5 Nxe5 14. dxe5 Bb5 15.
Bd3 Bxd3 16. Qxd3 Nd7 17. Bf4 Bf8 18. Qxd5 Nxe5 19. Bxe5 Qxb2 20. Nd2 Rad8 21.
Qf3 Qxd2 22. Rfd1 Qg5 23. Bg3 b5 24. Qb7 Qf6 25. Rxd8 Rxd8 26. Rc1 c4 27. Qc7
h5 28. a4 bxa4 29. Qxc4 a3 30. Bh4 g5 31. Bg3 h4 32. Bh2 Rd2 0-1

[Event "56. Abierto Mexicano Monterey 2010"]
[Site "Monterrey MEX"]
[Date "2010.03.30"]
[Round "1.3"]
[White "Gonzalez Zamora, Juan Carlos"]
[Black "Guerrero Duran, Oscar Kenn"]
[Result "1-0"]
[WhiteElo "2552"]
[BlackElo "1978"]
[PlyCount "77"]
[EventDate "2010.03.30"]
[EventType "swiss"]
[EventRounds "9"]
[EventCountry "MEX"]
[Source "lmi"]
[SourceDate "2010.03.30"]

1. d4 Nf6 2. c4 e5 3. dxe5 Ng4 4. Nc3 Nxe5 5. e3 d6 6. Nge2 Bg4 7. Qc2 Nbd7 8.
b3 Nc5 9. Ng3 Qh4 10. h3 Bd7 11. Bb2 g6 12. O-O-O Bg7 13. Nd5 Rc8 14. Rd4 Qh6
15. f4 Ne6 16. Rd2 c6 17. Nc3 O-O 18. fxe5 Qxe3 19. Nge4 d5 20. Nf6+ Bxf6 21.
exf6 Nf4 22. Nd1 Qg3 23. Qc3 Qxc3+ 24. Bxc3 Rfe8 25. Rf2 Ne6 26. Bd3 d4 27. Bb4
c5 28. Bd2 Bc6 29. Re1 Nc7 30. Rxe8+ Rxe8 31. g4 Na6 32. Re2 Rxe2 33. Bxe2 Nc7
34. Nf2 Ne8 35. g5 Nd6 36. Bg4 Kf8 37. Bf4 Ne8 38. h4 h5 39. Bc8 1-0

[Event "56. Abierto Mexicano Monterey 2010"]
[Site "Monterrey MEX"]
[Date "2010.03.30"]
[Round "1.4"]
[White "Torres Rosas, Luis Carlos"]
[Black "Hernandez Guerrero, Gilberto"]
[Result "0-1"]
[WhiteElo "1977"]
[BlackElo "2533"]
[PlyCount "120"]
[EventDate "2010.03.30"]
[EventType "swiss"]
[EventRounds "9"]
[EventCountry "MEX"]
[Source "lmi"]
[SourceDate "2010.03.30"]

1. d4 Nf6 2. c4 e6 3. Nf3 Bb4+ 4. Bd2 Qe7 5. Qc2 Bxd2+ 6. Nbxd2 d6 7. e4 e5 8.
d5 O-O 9. g3 a5 10. Bg2 Na6 11. O-O Bd7 12. Ne1 c6 13. dxc6 bxc6 14. Nd3 c5 15.
Rfd1 Nb8 16. Nf1 Nc6 17. Ne3 Nd4 18. Qd2 Bg4 19. Nxg4 Nxg4 20. f3 Nf6 21. Kh1
a4 22. Qf2 Rab8 23. Bh3 g6 24. Re1 Kg7 25. Rac1 h5 26. Rc3 h4 27. g4 g5 28. Bf1
Nd7 29. Rec1 Rb7 30. Be2 Ra8 31. Bd1 Nf8 32. Ra3 Rba7 33. Ne1 Nfe6 34. Ng2 Nf4
35. Ne3 Qd7 36. Qd2 f6 37. Nd5 Nxd5 38. exd5 Rb8 39. b3 axb3 40. Rxa7 Qxa7 41.
axb3 Rxb3 42. Bxb3 Nxb3 43. Qc3 Nxc1 44. Qxc1 Qa2 45. h3 Qb3 46. Qf1 f5 47.
gxf5 Kf6 48. Qe2 Qb1+ 49. Kg2 Qxf5 50. Qb2 Qf4 51. Qb8 Qg3+ 52. Kh1 Qxf3+ 53.
Kg1 Qg3+ 54. Kh1 Qxh3+ 55. Kg1 Qd7 56. Qf8+ Kg6 57. Qg8+ Kh5 58. Qh8+ Kg4 59.
Qf6 Qf5 60. Qxd6 Kg3 0-1

[Event "56. Abierto Mexicano Monterey 2010"]
[Site "Monterrey MEX"]
[Date "2010.03.30"]
[Round "1.5"]
[White "Gonzalez Garcia, Jose"]
[Black "Sanchez Garcia, Iosif"]
[Result "1-0"]
[WhiteElo "2512"]
[BlackElo "1974"]
[PlyCount "73"]
[EventDate "2010.03.30"]
[EventType "swiss"]
[EventRounds "9"]
[EventCountry "MEX"]
[Source "lmi"]
[SourceDate "2010.03.30"]

1. d4 Nf6 2. c4 c5 3. d5 e6 4. Nc3 exd5 5. cxd5 d6 6. Nf3 g6 7. g3 Bg7 8. Bg2
O-O 9. O-O Na6 10. h3 Rb8 11. a4 Nb4 12. Nd2 b6 13. Nc4 Ba6 14. Nb5 Ne8 15. Bf4
Bxb5 16. axb5 a5 17. bxa6 b5 18. Na5 Bxb2 19. Nc6 Nxc6 20. dxc6 Bxa1 21. Qxa1
g5 22. Be3 Qe7 23. Qa5 b4 24. Kh2 h6 25. a7 Ra8 26. Ra1 Nc7 27. Re1 Rfc8 28.
Qb6 Ne8 29. Qb7 Qc7 30. Ra1 Ng7 31. h4 Ne6 32. hxg5 hxg5 33. Bd5 Nd8 34. Qb5
Nxc6 35. Bxg5 Nd4 36. Qd3 Rxa7 37. Qg6+ 1-0

[Event "56. Abierto Mexicano Monterey 2010"]
[Site "Monterrey MEX"]
[Date "2010.03.30"]
[Round "1.6"]
[White "Herrera Espino, Galvan Erick"]
[Black "Mitkov, Nikola"]
[Result "0-1"]
[WhiteElo "1969"]
[BlackElo "2499"]
[PlyCount "54"]
[EventDate "2010.03.30"]
[EventType "swiss"]
[EventRounds "9"]
[EventCountry "MEX"]
[Source "lmi"]
[SourceDate "2010.03.30"]

1. e4 e5 2. d4 exd4 3. Nf3 Nc6 4. Bc4 Bc5 5. c3 Nf6 6. cxd4 Bb4+ 7. Nc3 Nxe4 8.
O-O Bxc3 9. d5 Ne5 10. Nxe5 Bxe5 11. Re1 Bxh2+ 12. Kh1 Qh4 13. Bg5 Qxg5 14.
Rxe4+ Be5 15. f4 Qh4+ 16. Kg1 O-O 17. Rxe5 Qxf4 18. Qe2 Qd4+ 19. Kh1 d6 20. Re4
Qf6 21. Rf1 Qh6+ 22. Kg1 Bd7 23. Re1 Rad8 24. Bd3 Qg5 25. Bc4 g6 26. Bb3 Rde8
27. Qf3 Rxe4 0-1

[Event "56. Abierto Mexicano Monterey 2010"]
[Site "Monterrey MEX"]
[Date "2010.03.31"]
[Round "2.1"]
[White "Mitkov, Nikola"]
[Black "Rivera Rodriguez, Jesus Camilo"]
[Result "1-0"]
[WhiteElo "2499"]
[PlyCount "85"]
[EventDate "2010.03.30"]
[EventType "swiss"]
[EventRounds "9"]
[EventCountry "MEX"]
[Source "lmi"]
[SourceDate "2010.03.30"]
[BlackElo "2117"]

1. e4 c5 2. Nc3 Nc6 3. Bb5 g6 4. Bxc6 dxc6 5. d3 Bg7 6. Be3 b6 7. Qd2 e5 8. f4
Nf6 9. Nf3 Ng4 10. Nxe5 Nxe5 11. fxe5 Bxe5 12. O-O O-O 13. Bf4 Qd6 14. Rae1 Be6
15. Kh1 Rad8 16. Ne2 Bg4 17. Ng1 c4 18. h3 Be6 19. Bxe5 Qxe5 20. b3 cxd3 21.
cxd3 c5 22. Nf3 Qd6 23. Rd1 Bc8 24. Qh6 f6 25. Qh4 Qc7 26. Rd2 Bb7 27. Nh2 g5
28. Qe1 Bc8 29. Qe3 Qg7 30. Rdf2 h5 31. Rf3 Kh7 32. R1f2 Rde8 33. Qd2 Qg6 34.
Nf1 g4 35. Rf4 gxh3 36. Ne3 Be6 37. Qe2 Qg5 38. Qf3 Kg7 39. gxh3 Qe5 40. Nf5+
Bxf5 41. Rxf5 Qa1+ 42. Rf1 Qb2 43. Qxh5 1-0

[Event "56. Abierto Mexicano Monterey 2010"]
[Site "Monterrey MEX"]
[Date "2010.03.31"]
[Round "2.2"]
[White "Guerrero Rodriguez, Alejandra"]
[Black "Gonzalez Zamora, Juan Carlos"]
[Result "0-1"]
[BlackElo "2552"]
[PlyCount "58"]
[EventDate "2010.03.30"]
[EventType "swiss"]
[EventRounds "9"]
[EventCountry "MEX"]
[Source "lmi"]
[SourceDate "2010.03.30"]
[WhiteElo "2125"]

1. e4 c5 2. Nf3 Nc6 3. Bb5 d6 4. Bxc6+ bxc6 5. O-O e5 6. c3 f5 7. d4 fxe4 8.
Ng5 Be7 9. Nxe4 exd4 10. cxd4 Bf5 11. Nbc3 Nf6 12. Nxf6+ Bxf6 13. Re1+ Kf7 14.
dxc5 d5 15. Qf3 Qd7 16. Bf4 Rae8 17. h3 Rxe1+ 18. Rxe1 Re8 19. Rd1 Qe6 20. Bd6
d4 21. Na4 Be4 22. Qh5+ Bg6 23. Qf3 Qe2 24. Qb3+ Qe6 25. Qb7+ Kg8 26. Qxc6 Bc2
27. Rc1 d3 28. Qf3 d2 29. Rf1 Bxa4 0-1

[Event "56. Abierto Mexicano Monterey 2010"]
[Site "Monterrey MEX"]
[Date "2010.03.31"]
[Round "2.3"]
[White "Cordova, Emilio"]
[Black "Altamirano Gonzalez, Yehudi"]
[Result "1-0"]
[WhiteElo "2564"]
[PlyCount "59"]
[EventDate "2010.03.30"]
[EventType "swiss"]
[EventRounds "9"]
[EventCountry "MEX"]
[Source "lmi"]
[SourceDate "2010.03.30"]
[BlackElo "2159"]

1. d4 d5 2. Nf3 Nf6 3. c4 c6 4. e3 Bf5 5. Be2 e6 6. O-O Bd6 7. Nc3 O-O 8. Nh4
Bg6 9. Nxg6 hxg6 10. Qc2 Nbd7 11. Rd1 Qb8 12. g3 dxc4 13. Bxc4 Nb6 14. Bb3 Rd8
15. e4 e5 16. Bg5 Be7 17. Ne2 Kf8 18. a4 Ne8 19. Bxe7+ Kxe7 20. f4 exf4 21.
Nxf4 Nf6 22. a5 Nbd7 23. Qc4 Rf8 24. Qb4+ Ke8 25. e5 Nh5 26. e6 fxe6 27. Nxe6
Rf3 28. Re1 Rxg3+ 29. Kh1 c5 30. Nxc5+ 1-0

[Event "56. Abierto Mexicano Monterey 2010"]
[Site "Monterrey MEX"]
[Date "2010.03.31"]
[Round "2.4"]
[White "Hernandez Rojo, Flavio Leopoldo"]
[Black "Gonzalez Garcia, Jose"]
[Result "0-1"]
[PlyCount "54"]
[EventDate "2010.03.30"]
[EventType "swiss"]
[EventRounds "9"]
[EventCountry "MEX"]
[Source "lmi"]
[SourceDate "2010.03.30"]
[WhiteElo "2118"]
[BlackElo "2512"]

1. g3 c5 2. Bg2 g6 3. Nf3 Bg7 4. O-O Nc6 5. c4 e5 6. Nc3 Nge7 7. Nd5 d6 8. d3
O-O 9. a3 Rb8 10. Bd2 b5 11. Nxe7+ Qxe7 12. Ne1 Bd7 13. Rb1 bxc4 14. dxc4 Nd4
15. e3 Nb3 16. Bc3 Be6 17. Bd5 a5 18. Qd3 e4 19. Bxe4 Bxc3 20. Qxc3 Bxc4 21.
Qxc4 Nd2 22. Qd5 Nxe4 23. Nd3 Nd2 24. Ne5 Nxb1 25. Nc6 Qb7 26. Qxd6 Nd2 27. Qf6
Rbe8 0-1

[Event "56. Abierto Mexicano Monterey 2010"]
[Site "Monterrey MEX"]
[Date "2010.03.31"]
[Round "2.5"]
[White "Tarin Garcia, Luis Miguel"]
[Black "Onischuk, Alexander"]
[Result "0-1"]
[PlyCount "70"]
[EventDate "2010.03.30"]
[EventType "swiss"]
[EventRounds "9"]
[EventCountry "MEX"]
[Source "lmi"]
[SourceDate "2010.03.30"]
[WhiteElo "2162"]
[BlackElo "2687"]

1. d4 f5 2. Nf3 Nf6 3. g3 g6 4. Bg2 Bg7 5. O-O O-O 6. c4 d6 7. Nc3 Qe8 8. Re1
Qf7 9. b3 Ne4 10. Nd5 e6 11. Nb4 c5 12. Nc2 Nc6 13. e3 b6 14. Bb2 Bb7 15. Qe2
Rae8 16. a3 e5 17. d5 Nb8 18. Nd2 Nxd2 19. Qxd2 e4 20. Bxg7 Qxg7 21. h4 Nd7 22.
a4 a5 23. Na3 Ba6 24. Bf1 Ne5 25. Be2 h6 26. Kg2 g5 27. hxg5 hxg5 28. Rg1 Rf6
29. f4 exf3+ 30. Bxf3 Ref8 31. Raf1 Kf7 32. Nb1 Ke7 33. Nc3 Rh6 34. Rh1 Rfh8
35. Be2 Qh7 0-1

[Event "56. Abierto Mexicano Monterey 2010"]
[Site "Monterrey MEX"]
[Date "2010.03.31"]
[Round "2.6"]
[White "Hernandez Guerrero, Gilberto"]
[Black "Ruiz Gonzalez, Guillermo Javier"]
[Result "1-0"]
[WhiteElo "2533"]
[PlyCount "63"]
[EventDate "2010.03.30"]
[EventType "swiss"]
[EventRounds "9"]
[EventCountry "MEX"]
[Source "lmi"]
[SourceDate "2010.03.30"]
[BlackElo "2122"]

1. d4 d5 2. c4 c6 3. Nf3 Nf6 4. e3 g6 5. Nc3 Bg7 6. Be2 Ne4 7. O-O O-O 8. Qb3
e6 9. Nxe4 dxe4 10. Nd2 f5 11. f3 exf3 12. Nxf3 Nd7 13. c5 Nf6 14. Bc4 Nd5 15.
Bd2 b6 16. cxb6 axb6 17. Rae1 c5 18. Bc3 Qd6 19. dxc5 bxc5 20. Bxg7 Kxg7 21. e4
fxe4 22. Rxe4 Rb8 23. Qc2 Rf4 24. Bxd5 exd5 25. Rxf4 Qxf4 26. Qxc5 Ba6 27. Qa7+
Bb7 28. Ng5 Qe5 29. Nf7 Qc7 30. Qd4+ Kf8 31. Nh6+ Ke8 32. Qh8+ 1-0

[Event "56. Abierto Mexicano Monterey 2010"]
[Site "Monterrey MEX"]
[Date "2010.04.01"]
[Round "3.1"]
[White "Ordaz Valdes, Lisandra Teresa"]
[Black "Hernandez Guerrero, Gilberto"]
[Result "0-1"]
[BlackElo "2533"]
[PlyCount "71"]
[EventDate "2010.03.30"]
[EventType "swiss"]
[EventRounds "9"]
[EventCountry "MEX"]
[Source "lmi"]
[SourceDate "2010.03.30"]
[WhiteElo "2277"]

1. d4 Nf6 2. c4 e6 3. Nc3 Bb4 4. Qc2 O-O 5. a3 Bxc3+ 6. Qxc3 b6 7. Bg5 Bb7 8.
f3 h6 9. Bh4 d6 10. e4 c5 11. d5 Nbd7 12. Bg3 exd5 13. exd5 Re8+ 14. Kf2 b5 15.
b3 bxc4 16. bxc4 Qb6 17. Be2 Ba6 18. Nh3 Nxd5 19. Qd2 Ne3 20. Rab1 Qc6 21. Qxd6
Qa4 22. Rhe1 Bxc4 23. Bxc4 Nxc4 24. Qd3 Ndb6 25. Bc7 Nxa3 26. Ra1 Rxe1 27. Rxa3
Qh4+ 28. Bg3 Qe7 29. Bd6 Qe8 30. Bxc5 Rd8 31. Qc2 Red1 32. Qe4 Qb5 33. Qb4
R1d2+ 34. Kg3 Qe2 35. Bf2 Nc4 36. Qc5 0-1

[Event "56. Abierto Mexicano Monterey 2010"]
[Site "Monterrey MEX"]
[Date "2010.04.01"]
[Round "3.2"]
[White "Rojas Alarcon, Julian Antonio"]
[Black "Cordova, Emilio"]
[Result "0-1"]
[BlackElo "2564"]
[PlyCount "90"]
[EventDate "2010.03.30"]
[EventType "swiss"]
[EventRounds "9"]
[EventCountry "MEX"]
[Source "lmi"]
[SourceDate "2010.03.30"]
[WhiteElo "2298"]

1. e4 c5 2. Nf3 e6 3. d4 cxd4 4. Nxd4 Nc6 5. Nc3 Qc7 6. Be3 a6 7. Qd2 Nf6 8. f3
Ne5 9. O-O-O b5 10. Nb3 Rb8 11. Qf2 d6 12. g4 b4 13. Ne2 h6 14. Ned4 d5 15.
exd5 Nxd5 16. Be2 Ng6 17. Kb1 Be7 18. Nf5 Nxe3 19. Nxe3 O-O 20. h4 Qa7 21. g5
hxg5 22. hxg5 Bxg5 23. Qh2 Re8 24. Qh7+ Kf8 25. Nc4 Bf6 26. Rhg1 Nf4 27. Nd6
Bd7 28. Nxe8 Bxe8 29. Qe4 g5 30. Bc4 Rc8 31. Rgf1 a5 32. Nd4 Qc5 33. Ba6 Rc7
34. Rfe1 a4 35. Bf1 Rd7 36. Ne2 Rxd1+ 37. Rxd1 Bc6 38. Qh7 Nxe2 39. Qh6+ Ke7
40. Qh2 Nf4 41. Qd2 Bd5 42. Be2 a3 43. b3 Bc3 44. Qc1 Nxe2 45. Qxg5+ Bf6 0-1

[Event "56. Abierto Mexicano Monterey 2010"]
[Site "Monterrey MEX"]
[Date "2010.04.01"]
[Round "3.3"]
[White "Marrero Lopez, Yaniet"]
[Black "Mitkov, Nikola"]
[Result "1/2-1/2"]
[BlackElo "2499"]
[PlyCount "97"]
[EventDate "2010.03.30"]
[EventType "swiss"]
[EventRounds "9"]
[EventCountry "MEX"]
[Source "lmi"]
[SourceDate "2010.03.30"]
[WhiteElo "2269"]

1. e4 e5 2. Nf3 Nc6 3. Bb5 Nf6 4. O-O Nxe4 5. Re1 Nd6 6. Nxe5 Be7 7. Bf1 Nxe5
8. Rxe5 O-O 9. d4 Bf6 10. Re1 Nf5 11. c3 d5 12. Bf4 Nh4 13. Nd2 Bf5 14. h3 Ng6
15. Bg3 Qd7 16. Nf3 Rfe8 17. Qb3 c6 18. Rxe8+ Rxe8 19. Re1 Rxe1 20. Nxe1 h5 21.
Qa3 h4 22. Bh2 Qe8 23. Nf3 a6 24. Qd6 Be4 25. Ne5 Bg5 26. Nxg6 Bxg6 27. Bf4
Bxf4 28. Qxf4 Qe7 29. Qd2 Qe4 30. a3 Qb1 31. f3 a5 32. Kf2 Bf5 33. c4 g6 34. c5
Kg7 35. Be2 f6 36. Qxa5 Qxb2 37. Qb4 Qb1 38. Qxb1 Bxb1 39. a4 Bf5 40. a5 Bc8
41. f4 Bf5 42. g4 hxg3+ 43. Kxg3 Kf7 44. h4 Ke7 45. Bg4 Kf7 46. Bxf5 gxf5 47.
h5 Kg7 48. Kh3 Kh7 49. Kg3 1/2-1/2

[Event "56. Abierto Mexicano Monterey 2010"]
[Site "Monterrey MEX"]
[Date "2010.04.01"]
[Round "3.4"]
[White "Onischuk, Alexander"]
[Black "Gutierrez, Fabian"]
[Result "1-0"]
[PlyCount "77"]
[EventDate "2010.03.30"]
[EventType "swiss"]
[EventRounds "9"]
[EventCountry "MEX"]
[Source "lmi"]
[SourceDate "2010.03.30"]
[WhiteElo "2687"]
[BlackElo "2297"]

1. d4 d5 2. c4 e6 3. Nc3 Nf6 4. cxd5 exd5 5. Bg5 Be7 6. e3 O-O 7. Bd3 Nbd7 8.
Nge2 Re8 9. O-O Nf8 10. Qc2 c6 11. f3 Nh5 12. Bxe7 Qxe7 13. e4 dxe4 14. fxe4
Be6 15. Rf2 Rad8 16. Raf1 Ng6 17. e5 Qg5 18. Ne4 Qe3 19. Nd6 Rxd6 20. exd6 Nf6
21. Bf5 Nh4 22. Bxe6 Qxe6 23. Ng3 Qxd6 24. Qc5 Qxc5 25. dxc5 Re5 26. Rf4 Ng6
27. Ra4 a6 28. Rb4 h5 29. Rxb7 Rxc5 30. Nf5 Ne5 31. Nh6+ Kh7 32. Nxf7 Neg4 33.
Nd8 Rc2 34. h3 Ne3 35. Rxf6 Rxg2+ 36. Kh1 Rd2 37. Ne6 Rd1+ 38. Kh2 Rd2+ 39. Kg1
1-0

[Event "56. Abierto Mexicano Monterey 2010"]
[Site "Monterrey MEX"]
[Date "2010.04.01"]
[Round "3.5"]
[White "Gonzalez Zamora, Juan Carlos"]
[Black "Garmendez Gonzalez, Florentino"]
[Result "1-0"]
[WhiteElo "2552"]
[PlyCount "89"]
[EventDate "2010.03.30"]
[EventType "swiss"]
[EventRounds "9"]
[EventCountry "MEX"]
[Source "lmi"]
[SourceDate "2010.03.30"]
[BlackElo "2272"]

1. d4 d5 2. Nf3 c5 3. c4 dxc4 4. e3 Nf6 5. Bxc4 e6 6. O-O a6 7. Bb3 Be7 8. Nc3
b5 9. Qe2 Bb7 10. dxc5 Nbd7 11. e4 Nxc5 12. e5 Nfd7 13. Bc2 b4 14. Ne4 Bxe4 15.
Bxe4 Nxe4 16. Qxe4 O-O 17. Be3 Nb6 18. h4 Qd5 19. Qg4 Qc4 20. Qg3 Rfb8 21. h5
Nd5 22. Bh6 g6 23. hxg6 fxg6 24. Rfd1 Bf8 25. Qh3 Bxh6 26. Qxh6 Ra7 27. Nd4 Rf7
28. Nxe6 Qg4 29. Rxd5 Qxe6 30. Rad1 Rbf8 31. f3 Qb6+ 32. R1d4 Rf4 33. Rd7 Qxd4+
34. Rxd4 Rxd4 35. Qe3 Rd1+ 36. Kh2 Rf7 37. f4 Rd8 38. Qb6 Rdf8 39. g3 a5 40.
Qxa5 Rb8 41. Qd5 Rbb7 42. e6 Rfe7 43. g4 Rbc7 44. f5 gxf5 45. gxf5 1-0

[Event "56. Abierto Mexicano Monterey 2010"]
[Site "Monterrey MEX"]
[Date "2010.04.01"]
[Round "3.6"]
[White "Gonzalez Garcia, Jose"]
[Black "Tapie Amione, Pablo Adib"]
[Result "1/2-1/2"]
[WhiteElo "2512"]
[PlyCount "62"]
[EventDate "2010.03.30"]
[EventType "swiss"]
[EventRounds "9"]
[EventCountry "MEX"]
[Source "lmi"]
[SourceDate "2010.03.30"]
[BlackElo "2244"]

1. Nf3 Nf6 2. c4 g6 3. g3 Bg7 4. Bg2 O-O 5. O-O d6 6. d4 Nc6 7. Nc3 a6 8. Qd3
Bf5 9. e4 Bg4 10. Be3 Nd7 11. Nd2 e5 12. d5 Nd4 13. f3 Nc5 14. Qb1 Bd7 15. b4
Na4 16. Nxa4 Bxa4 17. Bxd4 exd4 18. Qd3 c6 19. dxc6 bxc6 20. Kh1 Qb6 21. Rab1
Rab8 22. Rfc1 c5 23. Qa3 Bd7 24. bxc5 Qxc5 25. Qxc5 dxc5 26. f4 Rfd8 27. e5 Be6
28. Rb3 Rxb3 29. axb3 g5 30. Be4 f5 31. Bd5 Bxd5+ 1/2-1/2

[Event "56. Abierto Mexicano Monterey 2010"]
[Site "Monterrey MEX"]
[Date "2010.04.01"]
[Round "4.1"]
[White "Hernandez Guerrero, Gilberto"]
[Black "Morales Garcia, Sergio Joshafatt"]
[Result "1-0"]
[WhiteElo "2533"]
[PlyCount "147"]
[EventDate "2010.03.30"]
[EventType "swiss"]
[EventRounds "9"]
[EventCountry "MEX"]
[Source "lmi"]
[SourceDate "2010.03.30"]
[BlackElo "2314"]

1. d4 d5 2. c4 c6 3. Nf3 Nf6 4. e3 Bf5 5. Nc3 e6 6. Nh4 Bg6 7. Qb3 Qb6 8. Nxg6
hxg6 9. Bd2 Nbd7 10. Be2 Bb4 11. f3 O-O-O 12. O-O-O e5 13. Kb1 Bxc3 14. Bxc3
Qxb3 15. axb3 Rde8 16. dxe5 Nxe5 17. Bd4 b6 18. cxd5 Nxd5 19. e4 Nf6 20. b4 Kc7
21. Rd2 g5 22. Rc2 Nfd7 23. Bf2 f6 24. Bg3 Kb7 25. Rd1 Rd8 26. Rcd2 Kc7 27. Kc2
Rhe8 28. Rd3 Nf8 29. Rxd8 Rxd8 30. Rxd8 Kxd8 31. h4 gxh4 32. Bxh4 Ne6 33. Bf2
Kc7 34. Kd2 g5 35. Ke3 c5 36. bxc5 bxc5 37. Be1 Nd4 38. Ba5+ Kd7 39. Bf1 Nec6
40. Bc3 Kd6 41. g3 Nc2+ 42. Kd2 N2d4 43. f4 gxf4 44. gxf4 Ke7 45. Bd3 Kd6 46.
Ke3 a5 47. Bc4 Ke7 48. Bd5 Nb4 49. Bc4 Nbc6 50. Bg8 Kd6 51. Kd3 Ke7 52. Bd5
Nb4+ 53. Kc4 Ne2 54. Bd2 Kd6 55. Be3 Kd7 56. Bf7 Kc6 57. Be8+ Kb7 58. Bh5 Nc2
59. Bd2 Ned4 60. Bxa5 Kc6 61. Bd2 Ne6 62. Bf7 Ncd4 63. f5 Nc7 64. Bc3 Ndb5 65.
Bd5+ Nxd5 66. exd5+ Kb6 67. Ba5+ Kxa5 68. Kxc5 Nc7 69. d6 Na6+ 70. Kc6 Nb4+ 71.
Kb7 Kb5 72. d7 Nc6 73. Kc7 Kc5 74. b4+ 1-0

[Event "56. Abierto Mexicano Monterey 2010"]
[Site "Monterrey MEX"]
[Date "2010.04.01"]
[Round "4.2"]
[White "Della Morte, Pablo"]
[Black "Gonzalez Zamora, Juan Carlos"]
[Result "0-1"]
[PlyCount "81"]
[EventDate "2010.03.30"]
[EventType "swiss"]
[EventRounds "9"]
[EventCountry "MEX"]
[Source "lmi"]
[SourceDate "2010.03.30"]
[WhiteElo "2319"]
[BlackElo "2552"]

1. e4 c5 2. Nf3 Nc6 3. d4 cxd4 4. Nxd4 Qb6 5. Nb3 Nf6 6. Nc3 e6 7. Qe2 Bb4 8.
Bd2 O-O 9. a3 Be7 10. Be3 Qc7 11. f4 d5 12. e5 Nd7 13. Nb5 Qb8 14. c4 a6 15.
Nc3 dxc4 16. Qxc4 Qc7 17. Rc1 Nb6 18. Qe4 Nd5 19. Nxd5 exd5 20. Qxd5 Be6 21.
Qd3 Rad8 22. Qc3 Bd5 23. Bc4 Bxg2 24. Rg1 Bh3 25. Bf2 Be6 26. Bxe6 fxe6 27. Be3
Qd7 28. Ke2 Qe8 29. Rg4 Qh5 30. Rcg1 Rf7 31. Bb6 Rxf4 32. h3 Rxg4 33. Rxg4 Rd5
34. Nd4 Qxe5+ 35. Kf1 Bf6 36. Qc4 h5 37. Nxc6 bxc6 38. Re4 Qf5+ 39. Bf2 Qxh3+
40. Ke2 Bg5 41. Qc3 0-1

[Event "56. Abierto Mexicano Monterey 2010"]
[Site "Monterrey MEX"]
[Date "2010.04.01"]
[Round "4.3"]
[White "Garmendez Gonzalez, Carlos"]
[Black "Perez Rodriguez, Luis Manuel"]
[Result "1/2-1/2"]
[PlyCount "36"]
[EventDate "2010.03.30"]
[EventType "swiss"]
[EventRounds "9"]
[EventCountry "MEX"]
[Source "lmi"]
[SourceDate "2010.03.30"]
[WhiteElo "2190"]
[BlackElo "2483"]

1. e4 c5 2. Nf3 d6 3. d4 cxd4 4. Nxd4 Nf6 5. Bd3 e5 6. Ne2 Be7 7. c4 O-O 8.
Nbc3 h6 9. h3 Nc6 10. Be3 Nh7 11. Nd5 Bg5 12. Qd2 Be6 13. O-O Qd7 14. f4 exf4
15. Nexf4 Ne5 16. Rad1 b6 17. b3 Rfe8 18. Be2 Rad8 1/2-1/2

[Event "56. Abierto Mexicano Monterey 2010"]
[Site "Monterrey MEX"]
[Date "2010.04.01"]
[Round "4.4"]
[White "Cordova, Emilio"]
[Black "Ibarra Chami, Luis Fernando"]
[Result "0-1"]
[WhiteElo "2564"]
[PlyCount "133"]
[EventDate "2010.03.30"]
[EventType "swiss"]
[EventRounds "9"]
[EventCountry "MEX"]
[Source "lmi"]
[SourceDate "2010.03.30"]
[BlackElo "2423"]

1. d4 e6 2. Nf3 d5 3. c4 Nf6 4. g3 dxc4 5. Qa4+ Nbd7 6. Bg2 a6 7. Qxc4 b5 8.
Qc2 Bb7 9. O-O Be4 10. Qd1 c5 11. Nc3 Bb7 12. a3 Be7 13. dxc5 Nxc5 14. Qc2 O-O
15. Rd1 Qc8 16. Be3 Nce4 17. Bd4 Nxc3 18. Qxc3 Qxc3 19. Bxc3 Rfc8 20. Ba5 Kf8
21. Rac1 Ke8 22. Ne5 Bxg2 23. Kxg2 Rxc1 24. Rxc1 Bd6 25. Nd3 Kd7 26. Rd1 Ke7
27. Nb4 Bxb4 28. Bxb4+ Ke8 29. Rd6 Nd7 30. Ba5 Ke7 31. Rc6 Ra7 32. Rc8 f6 33.
f4 Kf7 34. e4 g5 35. fxg5 fxg5 36. Bc3 Nf6 37. Kf3 h5 38. h3 Rd7 39. Ke3 Ne8
40. Rc6 Rd6 41. Rc5 Kg6 42. Ke2 Rd7 43. Bd2 Nf6 44. Rxg5+ Kf7 45. Re5 Rd6 46.
Bc3 Rc6 47. Ke3 Kg6 48. Kf4 Kf7 49. Rg5 h4 50. g4 Rc4 51. Bxf6 Kxf6 52. Rh5 Rc2
53. Rh6+ Kg7 54. Rxe6 Rxb2 55. g5 Rg2 56. Rh6 Rg3 57. Rxh4 Rxa3 58. Rh6 a5 59.
h4 a4 60. h5 Rh3 61. Rg6+ Kf7 62. Rf6+ Ke7 63. Kg4 Re3 64. h6 Rxe4+ 65. Rf4
Rxf4+ 66. Kxf4 Kf8 67. Ke5 0-1

[Event "56. Abierto Mexicano Monterey 2010"]
[Site "Monterrey MEX"]
[Date "2010.04.01"]
[Round "4.5"]
[White "Lopez De la Torre, Armando"]
[Black "De La Paz Perdomo, Frank"]
[Result "0-1"]
[PlyCount "68"]
[EventDate "2010.03.30"]
[EventType "swiss"]
[EventRounds "9"]
[EventCountry "MEX"]
[Source "lmi"]
[SourceDate "2010.03.30"]
[WhiteElo "2040"]
[BlackElo "2469"]

1. d4 Nf6 2. Nf3 g6 3. c4 Bg7 4. Nc3 O-O 5. e4 d6 6. h3 Na6 7. Bd3 e5 8. d5 Nc5
9. Bc2 a5 10. g4 c6 11. Bg5 cxd5 12. Nxd5 Ne6 13. Nxf6+ Bxf6 14. Bh6 Bg7 15.
Qd2 Qf6 16. Bd1 Bxh6 17. Qxh6 b5 18. Nd2 bxc4 19. Be2 Ba6 20. Qe3 Nd4 21. Bd1
Rfc8 22. g5 Qe7 23. h4 Ne6 24. Bg4 Nf4 25. Qc3 Rc5 26. O-O h6 27. gxh6 Qxh4 28.
Qg3 Qxh6 29. Rfe1 Kg7 30. Re3 Rh8 31. Bf3 c3 32. bxc3 Ne2+ 33. Rxe2 Bxe2 34.
Nb3 Rxc3 0-1